| 000 | 01402cam a22003257a 4500 | ||
|---|---|---|---|
| 003 | CHAP | ||
| 005 | 20220329142524.0 | ||
| 008 | 010903d2001 mx a r 00110 spa d | ||
| 010 | _a84558 | ||
| 011 | _a85530 | ||
| 035 | _a96063 | ||
| 040 | _cCHAP | ||
| 090 | _aFolleto 16342 | ||
| 110 | 2 |
_aInstituto Nacional de Estadística, Geografía e Informática. México _959304 |
|
| 245 | 1 | 0 |
_aDiscurso pronunciado por el licenciado Antonio Puig Escudero, presidente del Instituto Nacional de Estadística, Geografía e Informática (INEGI), en la sede nacional del INEGI con motivo del 30 aniversario de CIEMEX-WEFA _c/por Instituto Nacional de Estadística, Geografía e Informática |
| 260 |
_aAguascalientes, Ags. : _bInstituto Nacional de Estadística, Geografía e Informática, _c2001. |
||
| 300 | _a24 p. | ||
| 590 |
_aBATCH-UPD _b10 _c20130110 _lUCH01 _h0828 |
||
| 590 |
_aBATCH-UPD _b10 _c20130410 _lUCH01 _h0506 |
||
| 590 |
_aBATCH-UPD _b10 _c20130914 _lUCH01 _h1824 |
||
| 590 |
_aCONVERSION _b10 _c20130109 _lUCH01 _h1347 |
||
| 650 | 1 | 4 |
_aMéxico _xDiscursos, ensayos y conferencias. _976740 |
| 650 | 1 | 4 |
_aMéxico _xEstadísticas. _976743 |
| 650 | 1 | 4 |
_aPoblación _xEstadísticas. _989369 |
| 901 | _aBK | ||
| 905 | _aLilia Sánchez G. | ||
| 942 | _cFOLL | ||
| 949 |
_aFolleto 16342 _bBC _cFOLL _d33724000994521 _eTS1 _i96063 _sb |
||
| 949 |
_aFolleto 16342 _bBC _cFOLL _d33724000994877 _eTS2 _fc.2 _i96063 _sb |
||
| 999 |
_c84558 _d84558 |
||